00834cam a22002291 4500001001300000003000400013005001700017008004100034010001700075035002000092040003700112042001200149050002000161245002000181250001300201260003400214300001800248440003800266505026100304650002400565999001500589af 48003975 DLC20260227110905.0900205s1942 be 000 0 dut c aaf 48003975  a(OCoLC)21003546 aCalifornia. Univ. Libr.cCUdDLC apremarc00aPF117b.B6 194200aBonte verhalen. a2. druk. aAntwerpen,bDe Sikkel,c1942. a47 p.c21 cm. 0aLectuur in Basis-Nederlandsch,v10 aDe zaak Van Bottel, naar Tony Bergmann.--Het arme vrouwtje, naar Multatuli.--De burgers van Aken en de duivel, naar V. Hugo.--Peter Simpel en de kapitein, naar Marryat.--Van hemel en hel, naar Volkmann-Leander.--De dichter en zijn vriend, naar M. v. Bulow. 0aBasic DutchxTexts. c5856d5856